01352nam a22003617a 4500003000500000005001700005008004100022010001000063011001000073035001000083040000900093082001800102110005800120245011000178260002600288300003100314490002300345590004100368590004100409590004100450590004100491590004200532650006000574650002800634650002400662650003400686830003000720901000700750942001000757949006800767999001700835952013800852CHAP20220329135404.0971013s1977 r 00010 d a35506 a36478 a40597 cCHAP a581.1592bO76 aOrganismo Internacional de Energía Atómica983512 aInduced mutations against plant diseasesb: proceedings at a symposium on the use of induced mutations... aVienna :bOIEA,c1977 a581 p.b: ilus. ; gráfs. aProceedings series aBATCH-UPDb10c20130110lUCH01h0144 aBATCH-UPDb10c20130110lUCH01h0933 aBATCH-UPDb10c20130410lUCH01h0551 aBATCH-UPDb10c20130914lUCH01h1118 aCONVERSIONb10c20130109lUCH01h132014aCultivosxVariedades resistentes a enfermedades.93033514aFitopatología.94116114aGermoplasma.94776614aMutación en plantas.9799070 aProceedings series991731 aBK cLIBRO a581.1592 O76bBCcLIBROd33724000510186eLIBROh60308i40597si c35506d35506 00102ddc4052708GRALaBCbBCcPA_GRALd2019-12-31fLIBROl0o581.1592 O76p33724000510186r2019-12-31 00:00:00w2019-12-31yLIBRO